Lust unearthed : vintage gay graphics from the DuBek collection /

Gespeichert in:
Bibliographische Detailangaben
1. Verfasser: Waugh, Thomas
Weitere Verfasser: Walker, Willie (Illustrationen)
Format: Buch
Sprache:Englisch
Veröffentlicht: Vancouver : Arsenal pulp press, 2004
Tags: Tag hinzufügen
Keine Tags, Fügen Sie das erste Tag hinzu!

MARC

LEADER 00000nam a22000007i 4500
001 IT\ICCU\BMC\0010138
003 ItRI
005 20260115232012.0
008 241111s2004 xxc|||||| ||||| |||||c
020 |a 9781551521657 
040 |b ita  |c importazione bologna sebina 
041 7 |a eng  |2 ISO-639-2 
100 1 |a Waugh, Thomas  |0 IT\ICCU\TO0V\430313 
240 1 0 |a Lust unearthed  |3 IT\ICCU\BMC\0010139  |9 Waugh, Thomas 
245 1 0 |a Lust unearthed :  |b vintage gay graphics from the DuBek collection /  |c by Thomas Waugh ; with Willie Walker. 
260 |a Vancouver :  |b Arsenal pulp press,  |c 2004 
300 |a 316 p. :  |b ill. ;  |c 27 cm 
700 1 |a Walker, Willie  |0 IT\ICCU\BMCV\002141  |4 ill 
942 |2 ddc  |c BK  |n 0 
952 |0 0  |1 0  |4 0  |6 DOC_743_900000000000000_WAU  |7 0  |9 18719  |a BO  |b BO  |d 2026-01-15  |i 20500  |l 0  |o DOC 743.9 WAU  |p BO20500  |r 2026-01-15 23:20:12  |w 2026-01-15  |x [Sebina 5] [1 v.]  |y BK  |z 1 v. 
999 |c 15882  |d 15882